India's National Security: Annual Review (Record no. 220299)
[ view plain ]
| 000 -LEADER | |
|---|---|
| fixed length control field | 01281nam a22002657a 4500 |
| 005 - DATE AND TIME OF LATEST TRANSACTION | |
| control field | 20211030092208.0 |
| 008 - FIXED-LENGTH DATA ELEMENTS--GENERAL INFORMATION | |
| fixed length control field | 211030b ||||| |||| 00| 0 eng d |
| 020 ## - INTERNATIONAL STANDARD BOOK NUMBER | |
| International Standard Book Number | 8187943084 |
| 040 ## - CATALOGING SOURCE | |
| Transcribing agency | AL |
| 041 ## - LANGUAGE CODE | |
| Language code of text/sound track or separate title | eng |
| 082 ## - DEWEY DECIMAL CLASSIFICATION NUMBER | |
| Edition number | 23 |
| Classification number | 355.03 |
| Item number | KUMI |
| 100 ## - MAIN ENTRY--PERSONAL NAME | |
| Personal name | Sathish Kumar Ed |
| 9 (RLIN) | 9350 |
| 245 ## - TITLE STATEMENT | |
| Title | India's National Security: Annual Review |
| 260 ## - PUBLICATION, DISTRIBUTION, ETC. | |
| Place of publication, distribution, etc. | New Delhi |
| Name of publisher, distributor, etc. | India Research Press |
| Date of publication, distribution, etc. | 2002 |
| 300 ## - PHYSICAL DESCRIPTION | |
| Extent | xvi,589 p. |
| Other physical details | HB |
| Dimensions | 22x14 cm. |
| 520 ## - SUMMARY, ETC. | |
| Summary, etc. | This fifteenth volume of India’s National Security Annual Review undertakes an incisive analysis of India’s endeavors to maximize its gains with respect to its strategic partners. The volume also focuses on the new dynamism that India has injected in its relations with countries in the Middle East and the Asia-Pacific. India’s threat perceptions in its extended security zone, critical aspects of its strategic preparedness and complex issues regarding its internal security have been thoroughly examined. |
| 650 ## - SUBJECT ADDED ENTRY--TOPICAL TERM | |
| Topical term or geographic name entry element | Military Science |
| 9 (RLIN) | 9351 |
| 650 ## - SUBJECT ADDED ENTRY--TOPICAL TERM | |
| Topical term or geographic name entry element | National Security |
| 9 (RLIN) | 9352 |
| 650 ## - SUBJECT ADDED ENTRY--TOPICAL TERM | |
| Topical term or geographic name entry element | Internal Security |
| 9 (RLIN) | 9353 |
| 650 ## - SUBJECT ADDED ENTRY--TOPICAL TERM | |
| Topical term or geographic name entry element | Economic Security |
| 9 (RLIN) | 9354 |
| 650 ## - SUBJECT ADDED ENTRY--TOPICAL TERM | |
| Topical term or geographic name entry element | Politico Military Environment |
| 9 (RLIN) | 9355 |
| 650 ## - SUBJECT ADDED ENTRY--TOPICAL TERM | |
| Topical term or geographic name entry element | Technology and Security |
| 9 (RLIN) | 9356 |
| 700 ## - ADDED ENTRY--PERSONAL NAME | |
| Personal name | KUMAR (Satish) Ed |
| 9 (RLIN) | 9357 |
| 942 ## - ADDED ENTRY ELEMENTS (KOHA) | |
| Source of classification or shelving scheme | Dewey Decimal Classification |
| Koha item type | George Fernandes Collections |
| Withdrawn status | Lost status | Source of classification or shelving scheme | Damaged status | Not for loan | Collection code | Home library | Current library | Date acquired | Total Checkouts | Full call number | Barcode | Date last seen | Price effective from | Koha item type |
|---|---|---|---|---|---|---|---|---|---|---|---|---|---|---|
| Dewey Decimal Classification | Others | St Aloysius Library | St Aloysius Library | 03/24/2013 | 355.03 KUMI | GF00471 | 10/30/2021 | 10/30/2021 | George Fernandes Collections |